000 00510nam a2200181Ia 4500
008 090123s9999 xx 000 0 und d
082 _b41617
100 _aमंगेशकर गीता
245 _aसुगंध
250 _a1
260 _bसायली प्रकाशन पुने
_c207
300 _a256
600 _aमंगेशकर गीता
630 _aसुगंध
700 _aमंगेशकर गीता
730 _aसुगंध
942 _cBOOK
999 _c79695
_d79695